000 00570nam a22002297a 4500
003 UA-OsUOA
001 49801
007 ta
008 20071011b un ||||| |||| 00| 0 ukr d
100 _aУлянич М.
090 _a821.161.2
_bУ51
942 _cBK
040 _aUA-OsUOA
_bukr
_cUA-OsUOA
_dUA-OsUOA
245 _aМисливці на привалі
300 _a69 с.
955 _a3
041 _aukr
080 _a821.161.2
260 _aК.
_c2006
650 7 _a82 Література. Літературознавство
_2UDC
999 _c335911
_d335911